Lobatos: guía de método

Guardat en:
Dades bibliogràfiques
Autor corporatiu: Comisión Nacional Rama Lobatos (Autor)
Format: Llibre
Idioma:espanyol
Publicat: Santiago Guías y Scouts de Chile 1995
Col·lecció:Serie Método y programa
Matèries:
Etiquetes: Afegir etiqueta
Sense etiquetes, Sigues el primer a etiquetar aquest registre!

MARC

LEADER 00000nam a2200000 a 4500
001 UCR7311
003 CL-VaPUC
008 980514e19950000CL |||||||||||||||||spa|d
082 0 4 |a 369.43  |b COM  |2 21 
110 2 |a Comisión Nacional Rama Lobatos  |e author  |9 408645 
245 1 0 |a Lobatos: guía de método 
300 |a 104 p 
942 |c BK 
945 |d 19980514 00:00:00  |a mvenant 
260 |a Santiago  |b Guías y Scouts de Chile  |c 1995 
650 7 |a BOYS SCOUTS  |2 CL-VaPUC  |9 408646 
650 7 |a CLUBES JUVENILES  |2 CL-VaPUC  |9 408647 
651 7 |a CHILE  |2 CL-VaPUC  |9 408648 
583 |a last modification  |c 19980514 00:00:00  |k Rodrigo Vera 
490 0 |a Serie Método y programa 
999 |c 269040  |d 269038 
952 |0 0  |1 0  |4 0  |6 369_430000000000000_COM_1995  |7 0  |8 A  |9 302628  |a BIBEDU  |b BIBEDU  |d 2019-11-20  |i 3425320  |o 369.43 COM 1995  |p 3425320  |r 2019-11-20  |w 2019-11-20  |y BK  |k EPE